[Event "CP-2013-P-00036"]
[Site "LSS email"]
[Date "2013.09.30"]
[Round "?"]
[White "Maissa, Gonzalo"]
[Black "Lombart, Philippe"]
[Result "0-1"]
[WhiteElo "828"]
[BlackElo "1639"]
[PlyCount "52"]
[EventDate "2013.10.01"]
[EventType "tourn (corr)"]
[EventRounds "6"]
[EventCountry "GER"]
[SourceTitle "Corr 2015"]
[Source "ChessBase"]
[SourceDate "2015.07.17"]
[SourceVersion "1"]
[SourceVersionDate "2015.07.17"]
[SourceQuality "1"]

1. e4 e5 2. Nf3 Nc6 3. Bb5 a6 4. Ba4 Nf6 5. Nc3 b5 6. Bb3 Bc5 7. h3 0-0 8. d3 h6 9. 0-0 d6 10. Be3 Bxe3 11. fxe3 Bd7 12. a3 Na5 13. Ba2 c5 14. Nd5 Nxd5 15. exd5 f5 16. e4 f4 17. b4 Nb7 18. c3 Qf6 19. Qd2 g5 20. c4 h5 21. Bb3 g4 22. hxg4 hxg4 23. Nh2 Qh4 24. a4 bxc4 25. dxc4 Kf7 26. b5 Rh8 0-1

[Event "LSS No Engine Cup 94 Preliminary 7"]
[Site "LSS email"]
[Date "2013.09.08"]
[Round "?"]
[White "Blais, Richard"]
[Black "Maissa, Gonzalo"]
[Result "1-0"]
[WhiteElo "1354"]
[BlackElo "826"]
[PlyCount "73"]
[EventDate "2013.09.09"]
[EventType "tourn (corr)"]
[EventRounds "6"]
[EventCountry "GER"]
[SourceTitle "Telechess CBM 167"]
[Source "ChessBase"]
[SourceDate "2015.07.13"]
[SourceVersion "1"]
[SourceVersionDate "2015.07.13"]
[SourceQuality "1"]

1. e4 e5 2. f4 d6 3. Nf3 Nc6 4. Bc4 Bg4 5. c3 Nf6 6. d3 Be7 7. b4 0-0 8. 0-0 a6 9. a4 Qd7 10. Nbd2 exf4 11. Nb3 Ne5 12. Nbd2 Bxf3 13. Nxf3 c6 14. Bxf4 Ng6 15. Ng5 Nxf4 16. Rxf4 h6 17. Nxf7 Rxf7 18. Bxf7+ Kxf7 19. Qh5+ Kg8 20. d4 b5 21. axb5 cxb5 22. Qg6 Nh7 23. Raf1 Rf8 24. e5 dxe5 25. dxe5 Rxf4 26. Rxf4 Qd1+ 27. Rf1 Qd2 28. Qe6+ Kh8 29. Qxe7 Qe3+ 30. Kh1 Ng5 31. Qf8+ Kh7 32. Qf5+ Kh8 33. Rd1 Qb6 34. Qf8+ Kh7 35. Rd8 Qe3 36. Qf5+ g6 37. Qd7+ 1-0

[Event "RN-2013-0-00689"]
[Site "LSS email"]
[Date "2013.08.27"]
[Round "?"]
[White "Bester, Kazimierz"]
[Black "Maissa, Gonzalo"]
[Result "0-1"]
[WhiteElo "711"]
[BlackElo "813"]
[PlyCount "90"]
[EventDate "2013.08.20"]
[EventType "tourn (corr)"]
[EventRounds "6"]
[EventCountry "GER"]
[SourceTitle "Telechess CBM 163"]
[Source "ChessBase"]
[SourceDate "2014.11.11"]
[SourceVersion "2"]
[SourceVersionDate "2014.11.11"]
[SourceQuality "1"]

1. f4 d5 2. Nf3 Nc6 3. e3 Nf6 4. Bb5 Bd7 5. 0-0 a6 6. Be2 e6 7. d4 Bd6 8. Ne5 0-0 9. c3 Ne4 10. Nd2 Nxd2 11. Qxd2 Bxe5 12. fxe5 Qg5 13. Qe1 Ne7 14. e4 Qg6 15. exd5 exd5 16. Rf3 h6 17. Rg3 Qh7 18. Be3 Nf5 19. Bd3 g5 20. Rh3 Qg6 21. g4 c6 22. gxf5 Bxf5 23. Bxf5 Qxf5 24. Rxh6 Qg4+ 25. Kh1 Rae8 26. h3 Kg7 27. Rf6 Qxh3+ 28. Kg1 Rh8 29. Rc1 Qg4+ 30. Kf1 Rh1+ 31. Kf2 Rxe1 32. Kxe1 Qg3+ 33. Bf2 Qh2 34. Ke2 Re6 35. Rxe6 fxe6 36. Rg1 Kg6 37. Kf1 Qf4 38. Ke2 Qe4+ 39. Be3 g4 40. Rf1 Kh5 41. Rf6 g3 42. Rh6+ Kg4 43. Rxe6 Qc2+ 44. Bd2 g2 45. Rg6+ Qxg6 0-1

[Event "RN-2013-0-00689"]
[Site "LSS email"]
[Date "2013.08.27"]
[Round "?"]
[White "Goti, Javier"]
[Black "Maissa, Gonzalo"]
[Result "1-0"]
[WhiteElo "672"]
[BlackElo "813"]
[PlyCount "55"]
[EventDate "2013.08.20"]
[EventType "tourn (corr)"]
[EventRounds "6"]
[EventCountry "GER"]
[SourceTitle "Telechess CBM 163"]
[Source "ChessBase"]
[SourceDate "2014.11.11"]
[SourceVersion "2"]
[SourceVersionDate "2014.11.11"]
[SourceQuality "1"]

1. c4 e5 2. Nc3 Nf6 3. e3 Bc5 4. Nge2 Nc6 5. a3 0-0 6. g3 d5 7. b3 Bg4 8. Bg2 Re8 9. 0-0 e4 10. h3 Bh5 11. Qe1 Qd7 12. Nf4 dxc4 13. Nxh5 Nxh5 14. bxc4 f5 15. Nd5 Rad8 16. Bb2 Rf8 17. Rd1 Be7 18. Nxe7+ Qxe7 19. Qe2 Nf6 20. Bxf6 Rxf6 21. d3 exd3 22. Qb2 b6 23. Rfe1 Na5 24. Rd2 Nxc4 25. Qb3 Qe6 26. Rxd3 Rxd3 27. Qxd3 Rf8 28. Bd5 1-0

[Event "RN-2013-0-00673"]
[Site "LSS email"]
[Date "2013.07.24"]
[Round "?"]
[White "Maissa, Gonzalo"]
[Black "Venturas, Bob"]
[Result "1/2-1/2"]
[WhiteElo "813"]
[BlackElo "740"]
[PlyCount "95"]
[EventDate "2013.07.16"]
[EventType "tourn (corr)"]
[EventRounds "6"]
[EventCountry "GER"]
[SourceTitle "Telechess CBM 163"]
[Source "ChessBase"]
[SourceDate "2014.11.11"]
[SourceVersion "2"]
[SourceVersionDate "2014.11.11"]
[SourceQuality "1"]

1. e4 e5 2. Nf3 d6 3. d4 Bg4 4. dxe5 Nc6 5. exd6 Bxf3 6. Qxf3 Qxd6 7. Nc3 0-0-0 8. Bd3 Nd4 9. Qg4+ Kb8 10. Bf4 Qe7 11. 0-0 Nf6 12. Qg3 h6 13. Be5 Qd7 14. Bxf6 gxf6 15. Rfe1 Bd6 16. Qh4 Be7 17. Nd5 Rde8 18. Nxe7 Qxe7 19. c3 Ne6 20. e5 Nc5 21. Bc4 Reg8 22. Qxf6 Qxf6 23. exf6 Nd7 24. Bxf7 Rf8 25. Bb3 Rxf6 26. Rad1 Kc8 27. Re7 Rd6 28. Rxd6 cxd6 29. Be6 Rd8 30. Rh7 Kc7 31. Bxd7 Rxd7 32. Rxh6 Re7 33. f4 Re2 34. b4 Rxa2 35. f5 Re2 36. g4 Re3 37. c4 Re4 38. c5 Rxg4+ 39. Kh1 Rxb4 40. cxd6+ Kd7 41. Kg2 a5 42. h4 a4 43. Re6 Rxh4 44. Kg3 Rh8 45. Kf4 a3 46. Re7+ Kc6 47. d7 Rd8 48. Re3 1/2-1/2

[Event "RN-2013-0-00667"]
[Site "LSS email"]
[Date "2013.07.11"]
[Round "?"]
[White "Maissa, Gonzalo"]
[Black "Bokros, Csaba"]
[Result "1/2-1/2"]
[WhiteElo "817"]
[BlackElo "826"]
[PlyCount "76"]
[EventDate "2013.07.02"]
[EventType "tourn (corr)"]
[EventRounds "6"]
[EventCountry "GER"]
[SourceTitle "Telechess CBM 161"]
[Source "ChessBase"]
[SourceDate "2014.07.16"]
[SourceVersion "1"]
[SourceVersionDate "2014.07.16"]
[SourceQuality "1"]

1. e4 e5 2. Nf3 Nc6 3. Bb5 a6 4. Ba4 b5 5. Bb3 Nf6 6. 0-0 Nxe4 7. Re1 Nf6 8. Nxe5 Nxe5 9. Rxe5+ Be7 10. Qf3 c6 11. d3 0-0 12. Bf4 Bd6 13. Re2 Bxf4 14. Qxf4 d5 15. Nd2 Be6 16. c3 Re8 17. Rae1 Nh5 18. Qf3 Nf6 19. a4 Qd7 20. h3 h6 21. a5 Qc7 22. Ra1 Rad8 23. Ba2 Qd6 24. b4 Re7 25. Rae1 Rde8 26. c4 dxc4 27. dxc4 bxc4 28. Bxc4 Bxc4 29. Nxc4 Qxb4 30. Rxe7 Rxe7 31. Rxe7 Qxe7 32. Qxc6 Qe1+ 33. Kh2 Qxf2 34. Qxa6 Qf4+ 35. Kh1 Qc1+ 36. Kh2 Qf4+ 37. Kh1 Qc1+ 38. Kh2 Qf4+ 1/2-1/2

[Event "RN-2013-0-00667"]
[Site "LSS email"]
[Date "2013.07.10"]
[Round "?"]
[White "Garcia, Javier N"]
[Black "Maissa, Gonzalo"]
[Result "1-0"]
[WhiteElo "833"]
[BlackElo "817"]
[PlyCount "45"]
[EventDate "2013.07.02"]
[EventType "tourn (corr)"]
[EventRounds "6"]
[EventCountry "GER"]
[SourceTitle "Telechess CBM 161"]
[Source "ChessBase"]
[SourceDate "2014.07.16"]
[SourceVersion "1"]
[SourceVersionDate "2014.07.16"]
[SourceQuality "1"]

1. d4 d5 2. c4 e6 3. Nf3 Nf6 4. Bg5 Be7 5. e3 h6 6. Bh4 0-0 7. Nc3 c5 8. cxd5 exd5 9. Bd3 Nc6 10. dxc5 Bxc5 11. 0-0 Bg4 12. Be2 Qd6 13. Bxf6 Qxf6 14. h3 Bh5 15. b3 Rad8 16. Qc2 Rfe8 17. Rad1 d4 18. exd4 Nxd4 19. Rxd4 Bxd4 20. Nxd4 Rxd4 21. Bxh5 Rd6 22. Ne4 Rxe4 23. Qxe4 1-0

[Event "RN-2013-0-00667"]
[Site "LSS email"]
[Date "2013.07.10"]
[Round "?"]
[White "Maissa, Gonzalo"]
[Black "Feng, Jason"]
[Result "0-1"]
[WhiteElo "817"]
[BlackElo "879"]
[PlyCount "66"]
[EventDate "2013.07.02"]
[EventType "tourn (corr)"]
[EventRounds "6"]
[EventCountry "GER"]
[SourceTitle "Telechess CBM 161"]
[Source "ChessBase"]
[SourceDate "2014.07.16"]
[SourceVersion "1"]
[SourceVersionDate "2014.07.16"]
[SourceQuality "1"]

1. e4 e5 2. Nf3 Nc6 3. Bb5 a6 4. Ba4 Nf6 5. 0-0 b5 6. Bb3 Bc5 7. Re1 Ng4 8. Re2 0-0 9. h3 Nf6 10. c3 Bb6 11. d4 exd4 12. cxd4 Bb7 13. Nc3 Na5 14. Bg5 h6 15. Bh4 Qe7 16. e5 Bxf3 17. gxf3 Nxb3 18. axb3 Qe6 19. Bxf6 gxf6 20. exf6 Qxh3 21. Re4 Kh7 22. Rg4 Rg8 23. Qd3+ Kh8 24. Qf1 Rxg4+ 25. fxg4 Qxg4+ 26. Kh1 Qh4+ 27. Kg2 Rg8+ 28. Kf3 Qg4+ 29. Ke3 Qxd4+ 30. Ke2 Re8+ 31. Kf3 Qxf6+ 32. Kg2 Rg8+ 33. Kh2 Qe5+ 0-1

[Event "RN-2013-0-00636"]
[Site "LSS email"]
[Date "2013.04.23"]
[Round "?"]
[White "Bokros, Csaba"]
[Black "Maissa, Gonzalo"]
[Result "0-1"]
[WhiteElo "826"]
[BlackElo "817"]
[PlyCount "76"]
[EventDate "2013.04.17"]
[EventType "tourn (corr)"]
[EventRounds "6"]
[EventCountry "GER"]
[SourceTitle "Telechess CBM 161"]
[Source "ChessBase"]
[SourceDate "2014.07.16"]
[SourceVersion "1"]
[SourceVersionDate "2014.07.16"]
[SourceQuality "1"]

1. e4 e5 2. Nf3 Nc6 3. Bc4 Nf6 4. Nc3 Bc5 5. 0-0 d6 6. Bxf7+ Kxf7 7. Ng5+ Ke8 8. d3 h6 9. Nf3 Bg4 10. h3 Bh5 11. a3 Qd7 12. Re1 Rf8 13. Be3 Bxe3 14. Rxe3 Nd4 15. g4 Nxf3+ 16. Rxf3 Bg6 17. b3 c6 18. Qd2 d5 19. exd5 Nxd5 20. Rxf8+ Kxf8 21. Nxd5 Qxd5 22. Qe3 b6 23. Re1 Re8 24. c4 Qxd3 25. Qxd3 Bxd3 26. Re3 Bg6 27. f3 Bf7 28. Kg2 g5 29. Kg3 Kg7 30. a4 Kf6 31. Re4 Rd8 32. Re3 a6 33. Rc3 a5 34. Kf2 h5 35. gxh5 Bxh5 36. Ke3 Kf5 37. Rc1 c5 38. Rf1 Rd4 0-1

[Event "RN-2013-0-00636"]
[Site "LSS email"]
[Date "2013.04.23"]
[Round "?"]
[White "Huseby, Juan Carlos"]
[Black "Maissa, Gonzalo"]
[Result "0-1"]
[WhiteElo "582"]
[BlackElo "817"]
[PlyCount "68"]
[EventDate "2013.04.17"]
[EventType "tourn (corr)"]
[EventRounds "6"]
[EventCountry "GER"]
[SourceTitle "Telechess CBM 161"]
[Source "ChessBase"]
[SourceDate "2014.07.16"]
[SourceVersion "1"]
[SourceVersionDate "2014.07.16"]
[SourceQuality "1"]

1. e3 e5 2. Bc4 d5 3. Bb5+ c6 4. Ba4 Nf6 5. f3 g6 6. Ne2 Bg7 7. Ng3 0-0 8. c4 dxc4 9. Nc3 b5 10. Nxb5 cxb5 11. Bxb5 Ba6 12. Ba4 Nbd7 13. 0-0 Nc5 14. Bc6 Rc8 15. Ba4 Nxa4 16. Qxa4 Qb6 17. Rf2 Rfd8 18. Ne4 Nxe4 19. fxe4 Rd3 20. Rxf7 Kxf7 21. b4 Bb7 22. Bb2 Rxd2 23. Rf1+ Kg8 24. Bc3 Rd3 25. Be1 Bxe4 26. Bf2 c3 27. b5 c2 28. Qxe4 Rd1 29. Qf3 Rxf1+ 30. Kxf1 c1Q+ 31. Be1 Qcxe3 32. Qd5+ Kh8 33. Qf7 Qg1+ 34. Ke2 Qbe3+ 0-1

[Event "OP-2013-0-02737"]
[Site "LSS email"]
[Date "2013.04.17"]
[Round "?"]
[White "Maissa, Gonzalo"]
[Black "Raines, David T"]
[Result "0-1"]
[WhiteElo "817"]
[BlackElo "999"]
[PlyCount "122"]
[EventDate "2013.04.14"]
[EventType "tourn (corr)"]
[EventRounds "4"]
[EventCountry "GER"]
[SourceTitle "Telechess CBM 161"]
[Source "ChessBase"]
[SourceDate "2014.07.16"]
[SourceVersion "1"]
[SourceVersionDate "2014.07.16"]
[SourceQuality "1"]

1. e4 g6 2. d4 Bg7 3. Nf3 d6 4. Nc3 Nc6 5. Bb5 Bd7 6. Be3 a6 7. Ba4 Nf6 8. 0-0 0-0 9. a3 b5 10. Bb3 Na5 11. Ba2 Bc6 12. b4 Nc4 13. Bxc4 bxc4 14. d5 Bd7 15. h3 c6 16. Bd4 cxd5 17. exd5 Re8 18. Re1 Qc8 19. Ne4 Nxe4 20. Rxe4 a5 21. Bxg7 Kxg7 22. c3 axb4 23. axb4 Bf5 24. Rxa8 Qxa8 25. Rxc4 Qa2 26. Rc7 Qb2 27. Qe1 Kf8 28. c4 Qb1 29. Qxb1 Bxb1 30. b5 Be4 31. Ng5 Bf5 32. Nxh7+ Kg7 33. Ng5 Kf6 34. Nf3 Rc8 35. Rxc8 Bxc8 36. h4 Kf5 37. g3 f6 38. Kg2 Ke4 39. Nd2+ Kd3 40. Nf3 Kxc4 41. Nd2+ Kxb5 42. f4 Kc5 43. Kf3 Bb7 44. Ke3 Bxd5 45. g4 Bf7 46. f5 d5 47. fxg6 Bxg6 48. h5 Bh7 49. Nf3 e5 50. g5 d4+ 51. Kd2 fxg5 52. Nxg5 Bf5 53. Nf3 e4 54. Ne1 e3+ 55. Ke2 Kc4 56. Nf3 Kc3 57. Ne5 Be4 58. h6 Bh7 59. Nf3 Bf5 60. Ne5 Kc2 61. Nc4 Bd3+ 0-1

[Event "OP-2013-0-02737"]
[Site "LSS email"]
[Date "2013.04.17"]
[Round "?"]
[White "Monteverde, Italo"]
[Black "Maissa, Gonzalo"]
[Result "1-0"]
[WhiteElo "2163"]
[BlackElo "817"]
[PlyCount "43"]
[EventDate "2013.04.14"]
[EventType "tourn (corr)"]
[EventRounds "4"]
[EventCountry "GER"]
[SourceTitle "Telechess CBM 161"]
[Source "ChessBase"]
[SourceDate "2014.07.16"]
[SourceVersion "1"]
[SourceVersionDate "2014.07.16"]
[SourceQuality "1"]

1. d4 d5 2. c4 e6 3. a3 Nf6 4. Nc3 c5 5. dxc5 Bxc5 6. e3 Nc6 7. b4 Bb6 8. Nf3 0-0 9. c5 Bc7 10. Bb2 b6 11. Na4 bxc5 12. Nxc5 Bb6 13. Rc1 Bxc5 14. Rxc5 Bb7 15. Bd3 h6 16. 0-0 Qe7 17. Bb5 Rfc8 18. Qa4 Qd6 19. Rfc1 Ne4 20. Rxc6 Bxc6 21. Bxc6 Rab8 22. Be5 1-0